POWER OF GOLD THE HISTORY OF AN OBSESSIO (Record no. 15139)
[ view plain ]
| 000 -LEADER | |
|---|---|
| fixed length control field | 00363nam a2200133Ia 4500 |
| 008 - FIXED-LENGTH DATA ELEMENTS--GENERAL INFORMATION | |
| fixed length control field | 240624s9999 xx 000 0 und d |
| 041 ## - LANGUAGE CODE | |
| Language code of text/sound track or separate title | eng |
| 082 ## - DEWEY DECIMAL CLASSIFICATION NUMBER | |
| Classification number | 398.365 BER |
| 100 ## - MAIN ENTRY--PERSONAL NAME | |
| Personal name | BERNSTEIN PETER L |
| 245 ## - TITLE STATEMENT | |
| Title | POWER OF GOLD THE HISTORY OF AN OBSESSIO |
| 260 ## - PUBLICATION, DISTRIBUTION, ETC. | |
| Date of publication, distribution, etc. | 2000 |
| Place of publication, distribution, etc. | New York |
| Name of publisher, distributor, etc. | John Wiley and Sons |
| 300 ## - PHYSICAL DESCRIPTION | |
| Extent | xiv, : 432 : p. : cm. ; 22 |
| 365 ## - TRADE PRICE | |
| Currency code | |
| Price amount | 30 |
| Withdrawn status | Lost status | Damaged status | Not for loan | Home library | Current library | Shelving location | Date acquired | Source of acquisition | Cost, normal purchase price | Total Holds | Full call number | Barcode | Date last seen | Copy number | Price effective from | Koha item type |
|---|---|---|---|---|---|---|---|---|---|---|---|---|---|---|---|---|
| IMTN | IMTN | Rack 15-B | 05/18/2010 | BWE | 16.95 | 9214 | 398.365 BER | 15139 | 06/24/2024 | 48.9 | 06/24/2024 | Books |